书目信息 |
| 题名: |
心理学与销售策略
|
|
| 作者: | 谭芳 编著 | |
| 分册: | ||
| 出版信息: | 北京 中国纺织出版社 2015 |
|
| 页数: | 236页 | |
| 开本: | 24cm | |
| 丛书名: | ||
| 单 册: | ||
| 中图分类: | F713.55 | |
| 科图分类: | ||
| 主题词: | 销售--商业心理学 | |
| 电子资源: | ||
| ISBN: | 978-7-5180-1711-9 | |
| 000 | 00924nam0 2200253 450 | |
| 001 | 012001001786 | |
| 005 | 20140921103355.0 | |
| 010 | @a978-7-5180-1711-9@dCNY29.80 | |
| 100 | @a20151101d2015 em y0chiy50 ea | |
| 101 | 0 | @achi |
| 102 | @aCN@b110000 | |
| 105 | @ay z 000yy | |
| 106 | @ar | |
| 200 | 1 | @a心理学与销售策略@9xin li xue yu xiao shou ce lue@f谭芳编著 |
| 210 | @a北京@c中国纺织出版社@d2015 | |
| 215 | @a236页@d24cm | |
| 312 | @a封面英文题名:Sales of psychological strategy | |
| 330 | @a本书分为洞察客户心理,与客户心理博弈,对客户心理进行疏导,用心理策略快速实现成交等四部分,结合销售实战案例,详细介绍了对客户心理的洞察、分析、引导和把控的过程,指导读者利用心理学的知识进行销售。 | |
| 510 | 1 | @aSales of psychological strategy@zeng |
| 606 | 0 | @a销售@x商业心理学 |
| 690 | @aF713.55@v5 | |
| 701 | 0 | @a谭芳@9tan fang@4编著 |
| 801 | 0 | @aCN@b上海新华@c20180901 |
| 905 | @b1157025-9@dF713.55@e1049@f5 | |
| 心理学与销售策略/谭芳编著.-北京:中国纺织出版社,2015 |
| 236页;24cm |
| ISBN 978-7-5180-1711-9:CNY29.80 |
| 本书分为洞察客户心理,与客户心理博弈,对客户心理进行疏导,用心理策略快速实现成交等四部分,结合销售实战案例,详细介绍了对客户心理的洞察、分析、引导和把控的过程,指导读者利用心理学的知识进行销售。 |
| ● |
| 相关链接 |
|
|
|
|
正题名:心理学与销售策略
索取号:F713.55/1049
 
预约/预借
| 序号 | 登录号 | 条形码 | 馆藏地/架位号 | 状态 | 备注 |
| 1 | 1157025 | 211570254 | 第一样本阅览室/ [索取号:F713.55/1049] | 在馆 | |
| 2 | 1157026 | 211570263 | 第一借阅区/ [索取号:F713.55/1049] | 在馆 | |
| 3 | 1157027 | 211570272 | 第一借阅区/ [索取号:F713.55/1049] | 在馆 | |
| 4 | 1157028 | 211570281 | 第一借阅区/ [索取号:F713.55/1049] | 在馆 | |
| 5 | 1157029 | 211570290 | 密集书库-海洋学院/ [索取号:F713.55/1049] | 在馆 |